Проект инновационного инженерного образования; Инженерное образование; № 19
| Parent link: | Инженерное образование: электронный научный журнал/ Ассоциация инженерного образования России (АИОР).— : [Б. и.], 2003-.— 1810-2883 № 19.— 2016.— [С. 21-24] |
|---|---|
| Main Author: | |
| Summary: | Заглавие с титульного листа Анализируется состояние инженерного образования. Обосновывается необходимость создания инновационной инженерной образовательной программы. Предлагаются основные принципы создания инновационной программы, направления подготовки инженерных кадров для академического бакалавриата. Описываются образовательные модули предлагаемой программы. |
| Language: | Russian |
| Published: |
2016
|
| Series: | Образовательные технологии |
| Subjects: | |
| Online Access: | https://old.aeer.ru/files/io/m19/art_3.pdf |
| Format: | MixedMaterials Electronic Book Chapter |
| KOHA link: | https://koha.lib.tpu.ru/cgi-bin/koha/opac-detail.pl?biblionumber=564039 |
MARC
| LEADER | 00000naa2a2200000 4500 | ||
|---|---|---|---|
| 001 | 564039 | ||
| 005 | 20250520140610.0 | ||
| 035 | |a (RuTPU)RU\TPU\prd\259831 | ||
| 035 | |a RU\TPU\prd\259830 | ||
| 090 | |a 564039 | ||
| 100 | |a 20160630a2016 k y0rusy50 ca | ||
| 101 | 0 | |a rus | |
| 102 | |a RU | ||
| 135 | |a drcn ---uucaa | ||
| 181 | 0 | |a i | |
| 182 | 0 | |a b | |
| 200 | 1 | |a Проект инновационного инженерного образования |b Электронный ресурс |f В. А. Прохоров | |
| 203 | |a Текст |c электронный | ||
| 215 | |a 1 файл (492 Кб) | ||
| 225 | 1 | |a Образовательные технологии | |
| 230 | |a Электронные текстовые данные (1 файл : 492 Кб) | ||
| 300 | |a Заглавие с титульного листа | ||
| 320 | |a [Библиогр.: с. 24 (3 назв.)] | ||
| 330 | |a Анализируется состояние инженерного образования. Обосновывается необходимость создания инновационной инженерной образовательной программы. Предлагаются основные принципы создания инновационной программы, направления подготовки инженерных кадров для академического бакалавриата. Описываются образовательные модули предлагаемой программы. | ||
| 461 | 1 | |0 (RuTPU)RU\TPU\prd\176632 |x 1810-2883 |t Инженерное образование |o электронный научный журнал |f Ассоциация инженерного образования России (АИОР) |n [Б. и.] |d 2003- | |
| 463 | 1 | |0 (RuTPU)RU\TPU\prd\259823 |t № 19 |v [С. 21-24] |d 2016 | |
| 610 | 1 | |a инженерное образование | |
| 610 | 1 | |a электронный ресурс | |
| 610 | 1 | |a инновационная образовательная программа | |
| 610 | 1 | |a фундаментальность | |
| 610 | 1 | |a автоматизированные системы | |
| 610 | 1 | |a механика | |
| 700 | 1 | |a Прохоров |b В. А. |g Валерий Афанасьевич | |
| 801 | 1 | |a RU |b 63413507 |c 20090623 |g PSBO | |
| 801 | 2 | |a RU |b 63413507 |c 20180426 |g PSBO | |
| 856 | 4 | |u https://old.aeer.ru/files/io/m19/art_3.pdf | |
| 942 | |c BK | ||